Možnosti praktickej aplikácie vybraných teórií portfólia na kapitálovom trhu

Pokračovanie príspevku z predchádzajúceho čísla. Cieľom praktickej časti práce je pri určitom zjednodušení ozrejmiť funkčnosť základných teórií portfólia na reálnom trhu v programe Excel. Táto časť sa zaoberá najskôr prepočtom vývoja výnosu a rizika portfólia zloženého z dvoch akcií (A a B), a ďalej...

Descripción completa

Guardado en:
Detalles Bibliográficos
Autor principal: Kardoš, Jaroslav
Formato: Capítulo de libro
Lenguaje:eslovaco
Materias:
Etiquetas: Agregar Etiqueta
Sin Etiquetas, Sea el primero en etiquetar este registro!

MARC

LEADER 00000nla$a2200000$$$4500
001 0056135
005 20231121080738.7
041 0 |a slo 
044 |a SK 
245 1 0 |a Možnosti praktickej aplikácie vybraných teórií portfólia na kapitálovom trhu  |c Jaroslav Kardoš 
520 |a Pokračovanie príspevku z predchádzajúceho čísla. Cieľom praktickej časti práce je pri určitom zjednodušení ozrejmiť funkčnosť základných teórií portfólia na reálnom trhu v programe Excel. Táto časť sa zaoberá najskôr prepočtom vývoja výnosu a rizika portfólia zloženého z dvoch akcií (A a B), a ďalej sa snaží otestovať možnosť praktického využitia základných modelov teórie portfólia - MPT a CAPM na trhu Nasdaq-100. 
610 2 0 |a portfólio 
610 2 0 |a trh kapitálový 
610 2 0 |a riziko 
610 2 0 |a akcie 
610 2 0 |a papiere cenné 
610 2 0 |a aktíva 
100 1 |a Kardoš, Jaroslav